000 01775nam a22002057a 4500
005 20260204161546.0
008 s2546 th o tha d
040 _aNALT
086 _aสผ 08 3.5 328.3 2546
110 2 _aสำนักงานเลขาธิการสภาผู้แทนราษฎร.
_bสำนักประชาสัมพันธ์
_92399
245 1 0 _aรัฐสภาไทยในปัจจุบัน (พ.ศ. 2546) /
_cสำนักประชาสัมพันธ์ สำนักงานเลขาธิการสภาผู้แทนราษฎร.
260 _aกรุงเทพฯ :
_bสำนักประชาสัมพันธ์ สำนักงานเลขาธิการสภาผู้แทนราษฎร,
_c2546.
300 _a48 หน้า :
_bแผนผัง ;
_c21 ซม.
505 2 _aรัฐสภาไทยในปัจจุบัน -- สภาผู้แทนราษฎร -- วุฒิสภา -- รายชื่อสมาชิกสมาชิกสภาผู้แทนราษฎร -- พรรคไทยรักไทย -- พรรคประชาธิปัตย์ -- พรรคชาติไทย -- พรรคชาติพัฒนา -- พรรคราษฎร -- พรรคความหวังใหม่ -- พรรคกิจสังคม -- พรรคมวลชน -- รายชื่อสมาชิกวุฒิสภา.
610 2 0 _aรัฐสภา
_zไทย
_917518
850 _aNALT
856 4 0 _uhttps://hdl.handle.net/20.500.14156/423968
942 _cPAR
_2local
999 _c38483
_d38483
998 _j1020
_k นางจำเรียง ระวังสำโรง